Introduction à la théologie musulmane : essai de théologie comparée /

محفوظ في:

المؤلف الرئيسي: Gardet, Louis (مؤلف)

مؤلفون آخرون: Anawati, Georges C., 1905-1994.

التنسيق: كتاب

اللغة: French

منشور في: Paris : J. Vrin, 1948.

سلاسل: Etudes de philosophie médiévale ; 37.

الموضوعات:

الوسوم: إضافة وسم

لا توجد وسوم, كن أول من يضع وسما على هذه التسجيلة!

رقم الطلب: BP161 .G32 1948

LEADER 00982nam a2200289I 4500
001 7175
003 OSt
005 20250924123242.0
008 130303s1948 fr 001 0 fre d
010 |a 49053973 
035 |a ocm00364497 
040 |c ARCE Library 
050 4 |a BP161 .G32 1948 
100 1 |a Gardet, Louis,  |e author  |9 30475 
245 1 0 |a Introduction à la théologie musulmane :   |b essai de théologie comparée /   |c par Louis Gardet, M.M. Anawati ; Préf. de Louis Massignon. 
264 1 |a Paris :  |b J. Vrin,  |c 1948. 
300 |a vii, 543 pages ;  |c 25 cm. 
490 1 |a Etudes de philosphie médiévale ;  |v 37. 
500 |a "Index des ouvrages et des articles cités" : pages [509]-536. 
650 0 |a Islam. 
650 0 |a Islam  |x Relations  |x Christianity. 
650 0 |a Christianity and other religions  |x Islam. 
700 1 |a Anawati, Georges C.,  |d 1905-1994. 
830 0 |a Etudes de philosophie médiévale ;  |v 37. 
901 |a reviewed 
942 |c BK  |2 lcc 
999 |c 5027  |d 5027